Ochrana detí - legislatívne zmeny

Legislatívne zmeny v sociálno-právnej ochrane detí a sociálnej kuratele.

Salvato in:
Dettagli Bibliografici
Autore principale: Tichý, Miroslav
Natura: Capitolo di libro
Lingua:slovacco
Soggetti:
Tags: Aggiungi Tag
Nessun Tag, puoi essere il primo ad aggiungerne!!

MARC

LEADER 00000naa a2200000 4500
001 0210036
005 20231120130643.1
041 0 |a slo 
044 |a SK 
245 1 0 |a Ochrana detí - legislatívne zmeny  |c Miroslav Tichý 
520 |a Legislatívne zmeny v sociálno-právnej ochrane detí a sociálnej kuratele. 
610 2 0 |a ochrana právna 
610 2 0 |a deti 
610 2 0 |a ochrana sociálna 
100 1 |a Tichý, Miroslav